Alfa. Método de enseñanza de la Lectura por la Escritura.

Gespeichert in:
Bibliographische Detailangaben
1. Verfasser: Sanz Trallero, JMª. Autor, Maestro Nacional
Format: keine Angabe
Sprache:Spanisch
Erschienen: Castellón Benjamín Ballester
Ausgabe:Ed. reformada
Katalog:MANES:  Suchergebnis im Bibliothekskatalog
Schulbuchspezifische Eigenschaften:
Tags: Tag hinzufügen
Keine Tags, Fügen Sie den ersten Tag hinzu!
Hinzugefügt zu:26.04.2016

MARC

LEADER 000000000a22000000004500
001 10539
003 OSt
008 160427s sp ||||| |||| 00| 0 spa d
040 |c centro_manes 
041 1 |a spa 
691 7 |a PRI 
100 1 |a Sanz Trallero, JMª. Autor, Maestro Nacional  |9 5992 
245 0 0 |a Alfa. Método de enseñanza de la Lectura por la Escritura. 
250 |a Ed. reformada 
260 3 |a Castellón  |b Benjamín Ballester 
300 |a 48 p.  |c 18,5 x 13,5 cm 
690 0 |a EyL 
942 |2 ddc  |c BK 
546 |a España 
999 |c 16513  |d 16513 
999 |c manes:16513  |d 16513